Statystyki dla Liga Mistrzów 2014/2015

Kliknij tutaj aby rozwiązać quiz!

Ogólne statystyki

  • Ten quiz został rozwiązany 154 razy
  • Średni wynik to 24 z 32

Statystyki odpowiedzi

krajklub% Poprawnych
HiszpaniaBarcelona
99%
HiszpaniaReal Madryt
99%
HiszpaniaAtletico Madryt
98%
NiemcyBayern Monachium
96%
WłochyJuventus
96%
AngliaManchester City
95%
FrancjaPSG
95%
NiemcyBorussia Dortmund
94%
AngliaArsenal
92%
AngliaLiverpool
91%
PortugaliaFC Porto
90%
AngliaChelsea
88%
PortugaliaSporting Lizbona
85%
HolandiaAjax
84%
RosjaCSKA
79%
NiemcyBayer Leverkusen
76%
PortugaliaBenfica Lizbona
76%
RosjaZenit
76%
UkrainaSzachtar
75%
BelgiaAnderlecht
73%
WłochyAS Roma
71%
TurcjaGalatasaray
69%
NiemcySchalke
67%
SzwajcariaBasel
66%
CyprAPOEL
65%
BiałoruśBATE
61%
FrancjaMonaco
59%
HiszpaniaAthletic Bilbao
48%
SłoweniaMaribor
47%
GrecjaOlympiacos
41%
BułgariaLudogorets
34%
SzwecjaMalmoo
7%

Rozkład punktacji

Percentyl według liczby udzielonych odpowiedzi

Procent ludzi z każdym wynikiem

Twoja historia wyników

Nie rozwiązałeś tego quizu